Zhodnotenie finančnej situácie vo vybranom podniku diplomová práca

Uložené v:
Podrobná bibliografia
Hlavný autor: Vašková, Alena
Korporativný autor: Podnikovohospodárska fakulta EU so sídlom v Košiciach. Katedra finančného riadenia podniku
Ďalší autori: Kudlová, Zuzana, 1986-
Médium: Kniha
Jazyk:Slovak
Vydavateľské údaje: Košice 2019
Tagy: Pridať tag
Žiadne tagy, Buďte prvý, kto otaguje tento záznam!

MARC

LEADER 00000nbm a2200000 4500
001 0254739
005 20190918150149.7
041 0 |a slo 
044 |a SK 
245 1 0 |a Zhodnotenie finančnej situácie vo vybranom podniku  |b diplomová práca  |c Alena Vašková ; školiteľ: Zuzana Kudlová 
264 1 |a Košice  |c 2019 
300 |a 60 s. 
100 1 |a Vašková, Alena 
700 1 |a Kudlová, Zuzana, 1986- 
710 2 |a Podnikovohospodárska fakulta EU so sídlom v Košiciach. Katedra finančného riadenia podniku